Guess the LOONA Members By Picture - Statistics

General Stats
  • This quiz has been taken 3,183 times
  • The average score is 11 of 12
Answer Stats
Picture Answer % Correct
Heejin
94%
Chuu
93%
Hyunjin
92%
Vivi
91%
Yeojin
88%
Choerry
86%
Haseul
86%
Jinsoul
86%
Kim Lip
86%
Yves
86%
Gowon
85%
Olivia Hye
85%
No matching quizzes found
Score Distribution
Percent of People with Each Score
Percentile by Number Answered
Your Score History
You have not taken this quiz